000 00508pab a2200169 454500
008 180718b2009 xxu||||| |||| 00| 0 eng d
100 _aGao, Jie
245 _aGoverning by goals and numbers: a case study in the use of performance measurement to build state capacity in China
260 _c2009
300 _ap.21-31.
362 _aFeb
650 _aPerformance appraisal - China
650 _aPerformance appraisal
773 _aPublic Administration and Development
908 _aN
909 _a81501
999 _c81501
_d81501